[Event "Quebec op U1700"]
[Site "Montreal CAN"]
[Date "2001.07.21"]
[Round "1"]
[White "Perreault, Jacques"]
[Black "Poinlane, Philippe"]
[Result "0-1"]
[WhiteElo "1589"]
[BlackElo "1751"]
[PlyCount "67"]
[GameId "2160767911563809"]
[EventDate "2001.07.21"]
[EventType "swiss"]
[EventRounds "9"]
[EventCountry "CAN"]

1. Nf3 f5 2. c4 Nf6 3. Nc3 g6 4. g3 Bg7 5. Bg2 O-O 6. O-O Nc6 7. d3 e5 8. e4 d6 9. Bg5 h6 10. Bxf6 Qxf6 11. Nd5 Qf7 12. b4 fxe4 13. dxe4 Bg4 14. b5 Nd4 15. Nxe5 Bxd1 16. Nxf7 Be2 17. Nxh6+ Bxh6 18. f4 Bxf1 19. Rxf1 c6 20. bxc6 bxc6 21. Ne3 Rab8 22. Rd1 Bg7 23. Kf1 Rb2 24. a3 Rb3 25. Ng4 Rxa3 26. Ke1 a5 27. e5 dxe5 28. fxe5 c5 29. Be4 Bxe5 30. Kd2 Bg7 31. Bxg6 a4 32. Kc1 Rc3+ 33. Kb2 Rxc4 34. Ka3 0-1

[Event "Quebec op U1700"]
[Site "Montreal CAN"]
[Date "2001.07.22"]
[Round "2"]
[White "Poinlane, Philippe"]
[Black "Millette, Sylvain"]
[Result "1-0"]
[WhiteElo "1751"]
[BlackElo "1634"]
[PlyCount "67"]
[GameId "2160767911563810"]
[EventDate "2001.07.21"]
[EventType "swiss"]
[EventRounds "9"]
[EventCountry "CAN"]

1. e4 Nf6 2. e5 Nd5 3. c4 Nb6 4. d4 d6 5. f4 dxe5 6. fxe5 Bf5 7. Nf3 e6 8. Nc3 Bb4 9. Be2 c5 10. O-O cxd4 11. Nxd4 Bc5 12. Be3 Bxd4 13. Bxd4 a6 14. Na4 Nxa4 15. Qxa4+ Qd7 16. Qxd7+ Nxd7 17. Bf3 O-O-O 18. Rfd1 f6 19. exf6 gxf6 20. b4 e5 21. Be3 e4 22. Be2 Ne5 23. b5 Nd3 24. Rf1 Be6 25. bxa6 bxa6 26. Rxf6 Rhe8 27. Rb1 Rd7 28. Rb6 Bxc4 29. Bg4 Bb5 30. Bxd7+ Kxd7 31. Rf7+ Kc8 32. Rbb7 Re5 33. Rfc7+ Kd8 34. Bb6 1-0

[Event "Quebec op U1700"]
[Site "Montreal CAN"]
[Date "2001.07.22"]
[Round "3"]
[White "Calucci, John"]
[Black "Poinlane, Philippe"]
[Result "1/2-1/2"]
[WhiteElo "1651"]
[BlackElo "1751"]
[PlyCount "36"]
[GameId "2160767911563811"]
[EventDate "2001.07.21"]
[EventType "swiss"]
[EventRounds "9"]
[EventCountry "CAN"]

1. d4 f5 2. c4 Nf6 3. Nc3 g6 4. Nf3 Bg7 5. g3 O-O 6. Bg5 d6 7. Qd2 Nbd7 8. Bh6 e5 9. Bxg7 Kxg7 10. dxe5 dxe5 11. Rd1 Qe7 12. Bg2 Nb6 13. b3 Bd7 14. O-O Bc6 15. Qb2 Rad8 16. e3 Rd7 17. Rxd7 Nbxd7 18. Rd1 Qc5 1/2-1/2

[Event "Quebec op U1700"]
[Site "Montreal CAN"]
[Date "2001.07.23"]
[Round "4"]
[White "Poinlane, Philippe"]
[Black "Lopez Linares, Lizandro"]
[Result "1-0"]
[WhiteElo "1751"]
[BlackElo "1643"]
[PlyCount "45"]
[GameId "2160767911563812"]
[EventDate "2001.07.21"]
[EventType "swiss"]
[EventRounds "9"]
[EventCountry "CAN"]

1. e4 g6 2. d4 Bg7 3. f4 c5 4. c3 cxd4 5. cxd4 d5 6. e5 e6 7. Nf3 Ne7 8. Be3 Nbc6 9. Nc3 Nf5 10. Bf2 h5 11. Rc1 Bd7 12. Qd2 f6 13. Nh4 fxe5 14. Nxg6 exd4 15. Nb5 Rh6 16. Ne5 Qb6 17. Bd3 a6 18. Bxf5 axb5 19. Bg6+ Rxg6 20. Nxg6 Rxa2 21. O-O Ne7 22. Nxe7 Kxe7 23. Rfd1 1-0

[Event "Quebec op U1700"]
[Site "Montreal CAN"]
[Date "2001.07.24"]
[Round "5"]
[White "Dupont, Alain"]
[Black "Poinlane, Philippe"]
[Result "0-1"]
[WhiteElo "1761"]
[BlackElo "1751"]
[PlyCount "82"]
[GameId "2160767911563813"]
[EventDate "2001.07.21"]
[EventType "swiss"]
[EventRounds "9"]
[EventCountry "CAN"]

1. e4 e5 2. Nf3 Nc6 3. Bb5 a6 4. Bxc6 dxc6 5. d3 Bd6 6. Nbd2 b5 7. Nb3 Nf6 8. h3 h6 9. Be3 Qe7 10. Qe2 Bd7 11. Rc1 c5 12. Nbd2 Bc6 13. c4 b4 14. Nh2 Nd7 15. Ndf3 Nf8 16. Nf1 Ne6 17. Ng3 g6 18. Qd2 Qf8 19. b3 Qg7 20. Qb2 a5 21. Ra1 O-O 22. h4 h5 23. Qd2 Rfd8 24. O-O Be7 25. Qb2 Rxd3 26. Qxe5 Bf6 27. Nxh5 Bxe5 28. Nxg7 Kxg7 29. Rac1 Bxe4 30. Ng5 Nxg5 31. Bxg5 Bc6 32. Rcd1 Rxd1 33. Rxd1 Re8 34. Kf1 Bd4 35. Bf4 Re7 36. f3 f6 37. Bc1 Kf7 38. Bf4 a4 39. Bc1 axb3 40. axb3 Bd7 41. Bf4 Bf5 0-1

[Event "Quebec op U1700"]
[Site "Montreal CAN"]
[Date "2001.07.25"]
[Round "6"]
[White "Poinlane, Philippe"]
[Black "Cloutin, Richard"]
[Result "1/2-1/2"]
[WhiteElo "1751"]
[BlackElo "1676"]
[PlyCount "73"]
[GameId "2160767911563814"]
[EventDate "2001.07.21"]
[EventType "swiss"]
[EventRounds "9"]
[EventCountry "CAN"]

1. e4 c5 2. Nf3 Nc6 3. d3 g6 4. g3 Bg7 5. Bg2 e6 6. Qe2 d6 7. O-O Nge7 8. c3 O-O 9. Nbd2 b5 10. a3 Rb8 11. Re1 Bd7 12. Ng5 b4 13. cxb4 Nd4 14. Qd1 cxb4 15. Nc4 Qc7 16. Bf4 e5 17. Be3 Nec6 18. f4 b3 19. fxe5 dxe5 20. Rc1 Nc2 21. Bc5 Nxe1 22. Qxe1 Qd8 23. Bxf8 Bxf8 24. Nf3 Bc5+ 25. Kh1 Qe7 26. Qc3 Bd4 27. Nxd4 Nxd4 28. Qa5 Bb5 29. Bh3 Bxc4 30. dxc4 Kg7 31. Rf1 Nc2 32. Rd1 Nd4 33. Rf1 Nc2 34. Qc3 Nd4 35. Rf2 Qc7 36. Bg4 a5 37. Bh3 1/2-1/2

[Event "Quebec op U1700"]
[Site "Montreal CAN"]
[Date "2001.07.26"]
[Round "7"]
[White "Libersan, Thierry"]
[Black "Poinlane, Philippe"]
[Result "1-0"]
[WhiteElo "1684"]
[BlackElo "1751"]
[PlyCount "60"]
[GameId "2160767911563815"]
[EventDate "2001.07.21"]
[EventType "swiss"]
[EventRounds "9"]
[EventCountry "CAN"]

1. e4 e5 2. Nf3 Nc6 3. Bb5 a6 4. Ba4 Nf6 5. O-O b5 6. Bb3 Bb7 7. d3 Bc5 8. c3 d6 9. a4 b4 10. Nbd2 Qe7 11. Nc4 O-O-O 12. Be3 Nd7 13. d4 exd4 14. cxd4 Ba7 15. Ng5 Kb8 16. Nxd6 cxd6 17. Nxf7 Qxe4 18. Nxd6 Qh4 19. Nxb7 Kxb7 20. Bd5 Ndb8 21. g3 Qf6 22. Bg2 Bxd4 23. Qb3 Ka7 24. a5 Rhe8 25. Rac1 Qe6 26. Qxb4 Bxe3 27. fxe3 Qxe3+ 28. Kh1 Re7 29. Bxc6 Rc7 30. Bg2 Qxc1 1-0

[Event "Quebec op U1700"]
[Site "Montreal CAN"]
[Date "2001.07.28"]
[Round "8"]
[White "Poinlane, Philippe"]
[Black "Vien, Michel"]
[Result "1/2-1/2"]
[WhiteElo "1751"]
[BlackElo "1648"]
[PlyCount "149"]
[GameId "2160767911563816"]
[EventDate "2001.07.21"]
[EventType "swiss"]
[EventRounds "9"]
[EventCountry "CAN"]

1. e4 c5 2. Nf3 e6 3. d3 Nc6 4. c3 Nf6 5. Nbd2 Be7 6. g3 d5 7. e5 Nd7 8. Qe2 O-O 9. Bg2 Qc7 10. d4 cxd4 11. cxd4 Nb4 12. O-O a5 13. Rd1 b6 14. Nf1 Ba6 15. Qd2 Rac8 16. b3 Qc2 17. Ne3 Qxd2 18. Bxd2 Nc2 19. Nxc2 Rxc2 20. Ne1 Rc7 21. Bf1 Nb8 22. Rac1 Rfc8 23. Rxc7 Rxc7 24. Rc1 Rxc1 25. Bxc1 Kf8 26. Bxa6 Nxa6 27. Nd3 Ke8 28. Kf1 Kd7 29. Ke2 Nc7 30. Bb2 Nb5 31. Kd2 Ba3 32. Bxa3 Nxa3 33. Nf4 Nb5 34. Kd3 Nc7 35. Nh5 Ne8 36. g4 g6 37. Ng3 g5 38. Ke3 f6 39. f4 h6 40. Ne2 Ke7 41. Nc3 Nc7 42. Na4 gxf4+ 43. Kxf4 b5 44. Nc5 b4 45. Nb7 Nb5 46. Ke3 Nc3 47. Nxa5 Nxa2 48. Nc6+ Kf7 49. Kf4 Nc1 50. Nxb4 Nxb3 51. Nc6 Nd2 52. h4 Ne4 53. exf6 Kxf6 54. Ne5 Nd6 55. g5+ hxg5+ 56. hxg5+ Kg7 57. Nf3 Nf5 58. Ke5 Kg6 59. Kf4 Kg7 60. Kg4 Ne3+ 61. Kh5 Nf5 62. g6 Kf6 63. Ne5 Nxd4 64. Nd7+ Kg7 65. Kg5 Nf5 66. Nc5 Nd4 67. Nd3 Nc6 68. Nf4 Nd8 69. Nh5+ Kg8 70. Kf6 d4 71. Ng3 d3 72. Ne4 Nc6 73. Kxe6 Kg7 74. Kd5 Nb4+ 75. Kc4 1/2-1/2

[Event "Quebec op U1700"]
[Site "Montreal CAN"]
[Date "2001.07.28"]
[Round "9"]
[White "Poinlane, Philippe"]
[Black "Bernatchez, Dan"]
[Result "1-0"]
[WhiteElo "1751"]
[BlackElo "1739"]
[PlyCount "35"]
[GameId "2160767911563817"]
[EventDate "2001.07.21"]
[EventType "swiss"]
[EventRounds "9"]
[EventCountry "CAN"]

1. e4 e6 2. Nf3 d5 3. e5 c5 4. c3 Nc6 5. d4 Qb6 6. g3 Bd7 7. Bg2 f6 8. O-O fxe5 9. dxe5 Be7 10. Re1 Nh6 11. Nbd2 Nf5 12. c4 Ncd4 13. cxd5 exd5 14. Nxd4 Nxd4 15. Bxd5 O-O-O 16. Nc4 Qc7 17. e6 Nxe6 18. Rxe6 1-0

[Event "Quebec op U2000"]
[Site "Montreal CAN"]
[Date "2001.07.21"]
[Round "1"]
[White "Boudreau, Daniel"]
[Black "Gilbert, Erick"]
[Result "0-1"]
[WhiteElo "2049"]
[BlackElo "1851"]
[PlyCount "78"]
[GameId "2160767911563819"]
[EventDate "2001.07.21"]
[EventType "swiss"]
[EventRounds "9"]
[EventCountry "CAN"]
[SourceTitle "EXT 2022"]
[Source "ChessBase"]
[SourceDate "2021.10.06"]
[SourceVersion "1"]
[SourceVersionDate "2021.10.06"]
[SourceQuality "1"]

1. e4 d6 2. d4 Nf6 3. Nc3 g6 4. g3 Bg7 5. Bg2 O-O 6. Nge2 e5 7. h3 Nc6 8. Be3 exd4 9. Nxd4 Ne5 10. O-O Bd7 11. f4 Nc6 12. Qd2 Re8 13. Rae1 Rb8 14. g4 h6 15. Qf2 Kh7 16. g5 Nh5 17. Nf3 b5 18. gxh6 Bxh6 19. Ng5+ Kg8 20. Qh4 f6 21. Nf3 b4 22. f5 Bxe3+ 23. Rxe3 Kg7 24. Nd5 Rh8 25. Qg4 g5 26. h4 Ne5 27. Nxe5 dxe5 28. hxg5 fxg5 29. f6+ Kh6 30. Qf3 Nf4 31. Nxf4 exf4 32. Rd3 Qe8 33. Kf2 Kg6 34. Qd1 Bb5 35. e5 Qxe5 36. Re1 Qc5+ 37. Kf1 Kxf6 38. Qg4 Rbe8 39. Rxe8 Rxe8 0-1

[Event "Quebec op U2000"]
[Site "Montreal CAN"]
[Date "2001.07.21"]
[Round "1"]
[White "Courteau, Julien"]
[Black "Petit, Raymond"]
[Result "1/2-1/2"]
[WhiteElo "1942"]
[BlackElo "1803"]
[PlyCount "119"]
[GameId "2160767911563820"]
[EventDate "2001.07.21"]
[EventType "swiss"]
[EventRounds "9"]
[EventCountry "CAN"]
[SourceTitle "EXT 2022"]
[Source "ChessBase"]
[SourceDate "2021.10.06"]
[SourceVersion "1"]
[SourceVersionDate "2021.10.06"]
[SourceQuality "1"]

1. Nf3 Nf6 2. c4 e6 3. d4 d5 4. Bg5 Nbd7 5. e3 c6 6. Nc3 Qa5 7. Nd2 Bb4 8. Qc2 Ne4 9. Ndxe4 dxe4 10. Bh4 O-O 11. Be2 f5 12. O-O Nf6 13. Rfc1 Bd7 14. a3 Bd6 15. c5 Bb8 16. Bxf6 Rxf6 17. b4 Qc7 18. g3 a6 19. a4 Qd8 20. Rd1 Qe8 21. Rab1 g5 22. f4 exf3 23. Bxf3 h5 24. Qe2 g4 25. Bg2 h4 26. Qf2 hxg3 27. hxg3 Qf7 28. Rf1 Bc7 29. e4 Rf8 30. e5 Rh6 31. Qf4 Kg7 32. Kf2 Bd8 33. Rh1 Rfh8 34. Rxh6 Rxh6 35. Rh1 Rxh1 36. Bxh1 Qh5 37. Kg1 Bg5 38. Qf2 Qh6 39. Nd1 Be8 40. Bg2 Bd7 41. Qe2 Qh5 42. Ne3 Bxe3+ 43. Qxe3 Kg6 44. Bf1 Qg5 45. Kf2 Qh6 46. Qxh6+ Kxh6 47. Ke3 Kg5 48. Bc4 Kg6 49. Kf4 Kh5 50. Bd3 Kg6 51. Bf1 Be8 52. Bg2 Bd7 53. b5 axb5 54. axb5 Be8 55. b6 Bd7 56. Bf1 Kh6 57. Bd3 Kg6 58. Bc4 Bc8 59. Bd3 Bd7 60. Bf1 1/2-1/2

[Event "Quebec op U2000"]
[Site "Montreal CAN"]
[Date "2001.07.21"]
[Round "1"]
[White "Dumouchel, Alain"]
[Black "Ramaswamy, Kishor"]
[Result "0-1"]
[WhiteElo "2006"]
[BlackElo "1847"]
[PlyCount "108"]
[GameId "2160767911563821"]
[EventDate "2001.07.21"]
[EventType "swiss"]
[EventRounds "9"]
[EventCountry "CAN"]
[SourceTitle "EXT 2022"]
[Source "ChessBase"]
[SourceDate "2021.10.06"]
[SourceVersion "1"]
[SourceVersionDate "2021.10.06"]
[SourceQuality "1"]

1. f3 d5 2. g3 Nf6 3. Nh3 b6 4. e3 Bb7 5. Nf2 e6 6. d4 Nbd7 7. Bg2 c5 8. O-O Bd6 9. Nd2 Qc7 10. Re1 O-O 11. c3 cxd4 12. exd4 b5 13. Nd3 a5 14. Nf1 Rac8 15. Bd2 b4 16. Rc1 bxc3 17. Bxc3 Qb6 18. Kh1 Ba6 19. Ne3 Bxd3 20. Qxd3 Bb4 21. Qd2 Rfd8 22. Rc2 Bxc3 23. Rxc3 Ne8 24. Rec1 Nd6 25. Bh3 Rxc3 26. Rxc3 Nb5 27. Rd3 Nf6 28. b4 a4 29. Nd1 Rc8 30. Nc3 Nxc3 31. Rxc3 Rxc3 32. Qxc3 g6 33. Bf1 Kg7 34. a3 Nd7 35. Qc8 Nf8 36. Qc5 Nd7 37. Qc3 Kg8 38. b5 Kg7 39. Qc6 Qxd4 40. Qxd7 Qd1 41. Kg1 Qd4+ 42. Kg2 Qd2+ 43. Kh3 Qh6+ 44. Kg4 Qh5+ 45. Kf4 Qh6+ 46. Ke5 Qe3+ 47. Kd6 Qxa3+ 48. Kc7 Qc1+ 49. Kd8 Qxf1 50. b6 a3 51. b7 a2 52. b8=Q a1=Q 53. Qf4 Qa8+ 54. Ke7 Qf8# 0-1

[Event "Quebec op U2000"]
[Site "Montreal CAN"]
[Date "2001.07.21"]
[Round "1"]
[White "Gebhardt, David"]
[Black "Paz, Roman"]
[Result "1-0"]
[WhiteElo "1851"]
[BlackElo "2079"]
[PlyCount "47"]
[GameId "2160767911563822"]
[EventDate "2001.07.21"]
[EventType "swiss"]
[EventRounds "9"]
[EventCountry "CAN"]
[SourceTitle "EXT 2022"]
[Source "ChessBase"]
[SourceDate "2021.10.06"]
[SourceVersion "1"]
[SourceVersionDate "2021.10.06"]
[SourceQuality "1"]

1. e4 g6 2. d4 Bg7 3. Nf3 d6 4. Be3 Nf6 5. Nbd2 O-O 6. h3 b6 7. Bd3 Ba6 8. Qe2 Bxd3 9. Qxd3 c5 10. c3 Qc8 11. O-O Qb7 12. Rfe1 Nfd7 13. Bg5 Nc6 14. Qe3 Rfe8 15. Bh6 cxd4 16. cxd4 Nb4 17. Bxg7 Nc2 18. Qh6 f6 19. e5 Nxe1 20. Rxe1 dxe5 21. Ne4 exd4 22. Nfg5 fxg5 23. Nxg5 Nf6 24. Re6 1-0

[Event "Quebec op U2000"]
[Site "Montreal CAN"]
[Date "2001.07.21"]
[Round "1"]
[White "Kayembe, Doris"]
[Black "Desmarais, Emmanuel"]
[Result "0-1"]
[WhiteElo "1817"]
[BlackElo "1955"]
[PlyCount "112"]
[GameId "2160767911563823"]
[EventDate "2001.07.21"]
[EventType "swiss"]
[EventRounds "9"]
[EventCountry "CAN"]
[SourceTitle "EXT 2022"]
[Source "ChessBase"]
[SourceDate "2021.10.06"]
[SourceVersion "1"]
[SourceVersionDate "2021.10.06"]
[SourceQuality "1"]

1. e4 c6 2. Nc3 d5 3. d4 dxe4 4. Nxe4 Bf5 5. Ng3 Bg6 6. Nf3 Nd7 7. Bc4 Ngf6 8. Qe2 e6 9. Bg5 Qa5+ 10. c3 Nd5 11. O-O Qc7 12. Rfe1 h6 13. Bd2 Bd6 14. Rac1 O-O 15. Ne5 Nxe5 16. dxe5 Be7 17. Bxd5 cxd5 18. c4 Qd7 19. Red1 Rac8 20. Qg4 Qa4 21. b3 Qxa2 22. cxd5 Rxc1 23. Bxc1 exd5 24. e6 Qxb3 25. exf7+ Rxf7 26. Bxh6 Bc5 27. Rc1 Bxf2+ 28. Kh1 Qd3 29. Rc8+ Rf8 30. Rxf8+ Kxf8 31. Qf4+ Kg8 32. Qxf2 Qd1+ 33. Nf1 gxh6 34. Qf6 Qd3 35. Kg1 Qe4 36. h3 d4 37. Ng3 Qe3+ 38. Kh2 Kh7 39. h4 h5 40. Nf1 Qe4 41. Ng3 Qd5 42. Ne2 d3 43. Qxg6+ Kxg6 44. Nf4+ Kf5 45. Nxd5 a5 46. Kg3 Ke4 47. Nc3+ Ke3 48. Nd1+ Ke2 49. Nc3+ Ke3 50. Nd1+ Kd2 51. Nb2 Kc2 52. Nc4 d2 53. Kf2 a4 54. g4 d1=Q 55. Ne3+ Kd2 56. Nxd1 a3 0-1

[Event "Quebec op U2000"]
[Site "Montreal CAN"]
[Date "2001.07.21"]
[Round "1"]
[White "Leclair, Hugues"]
[Black "Tremblay, Alain"]
[Result "1/2-1/2"]
[WhiteElo "1782"]
[BlackElo "1929"]
[PlyCount "127"]
[GameId "2160767911563824"]
[EventDate "2001.07.21"]
[EventType "swiss"]
[EventRounds "9"]
[EventCountry "CAN"]
[SourceTitle "EXT 2022"]
[Source "ChessBase"]
[SourceDate "2021.10.06"]
[SourceVersion "1"]
[SourceVersionDate "2021.10.06"]
[SourceQuality "1"]

1. e4 c5 2. Nf3 d6 3. d4 cxd4 4. Nxd4 Nf6 5. Bc4 e6 6. Nc3 a6 7. Bb3 Be7 8. Be3 Qc7 9. O-O O-O 10. f4 Nc6 11. Qf3 Nxd4 12. Bxd4 e5 13. Be3 exf4 14. Qxf4 Be6 15. Nd5 Bxd5 16. exd5 Nd7 17. Rf3 Ne5 18. Rh3 Qd7 19. Bd4 Bf6 20. Rf1 Ng6 21. Qf2 Bxd4 22. Qxd4 Rae8 23. Re3 Rxe3 24. Qxe3 Re8 25. Qf3 Qe7 26. c4 Qe3+ 27. Qxe3 Rxe3 28. Kf2 Re4 29. Re1 Rxe1 30. Kxe1 Ne5 31. Kd2 Kf8 32. Kc3 Ke7 33. Kd4 b6 34. Bc2 a5 35. a3 g6 36. b4 axb4 37. axb4 Nd7 38. g4 f6 39. h3 Nb8 40. c5 bxc5+ 41. bxc5 dxc5+ 42. Kxc5 Nd7+ 43. Kc6 Ne5+ 44. Kc7 Nc4 45. h4 Nd6 46. Bd3 f5 47. g5 f4 48. h5 gxh5 49. Bxh7 f3 50. Bd3 Ne8+ 51. Kc6 f2 52. Kc5 h4 53. Bf1 Kf7 54. Kd4 Kg6 55. Ke3 Kxg5 56. Kxf2 Kf4 57. Bc4 Nd6 58. Bb3 h3 59. Kg1 Kg3 60. Bc2 Nc4 61. Be4 h2+ 62. Kh1 Ne3 63. Bf3 Nf5 64. Bg2 1/2-1/2

[Event "Quebec op U2000"]
[Site "Montreal CAN"]
[Date "2001.07.21"]
[Round "1"]
[White "Lezaic, Jovan"]
[Black "Simard, Francois"]
[Result "1-0"]
[WhiteElo "1983"]
[BlackElo "1835"]
[PlyCount "173"]
[GameId "2160767911563825"]
[EventDate "2001.07.21"]
[EventType "swiss"]
[EventRounds "9"]
[EventCountry "CAN"]
[SourceTitle "EXT 2022"]
[Source "ChessBase"]
[SourceDate "2021.10.06"]
[SourceVersion "1"]
[SourceVersionDate "2021.10.06"]
[SourceQuality "1"]

1. d4 Nf6 2. c4 e6 3. Nc3 d5 4. Nf3 Nbd7 5. e3 Be7 6. Bd3 O-O 7. O-O dxc4 8. Bxc4 b6 9. d5 exd5 10. Nxd5 Bd6 11. Bd2 Bb7 12. Nc3 Ne4 13. Nxe4 Bxe4 14. Bc3 Bxf3 15. Qxf3 Bxh2+ 16. Kxh2 Qh4+ 17. Qh3 Qxc4 18. Qxd7 Rad8 19. Qh3 Rd6 20. Kg1 Rh6 21. Qg3 Rg6 22. Qf4 Qd5 23. f3 Qe6 24. Kf2 c5 25. b3 c4 26. Qxc4 Qf5 27. Rac1 Rc8 28. Qe4 Qg5 29. Qg4 Qd8 30. Qd4 Qg5 31. Rg1 Qg3+ 32. Ke2 Qh2 33. Kf1 Rg3 34. Rd1 h6 35. Qe4 Rg6 36. Be5 Qh5 37. Bd4 Rgc6 38. Qg4 Qb5+ 39. Kf2 Rc2+ 40. Kg3 g6 41. Rd2 R2c6 42. Rgd1 Re8 43. Kf2 Rce6 44. f4 Re4 45. Qh3 h5 46. Qh4 Qf5 47. Qf6 Qxf6 48. Bxf6 Rxe3 49. Rd8 Kf8 50. Rxe8+ Rxe8 51. Rd8 Rxd8 52. Bxd8 Ke8 53. Bf6 Kd7 54. Ke3 Ke6 55. Bd4 Kf5 56. Kf3 f6 57. a4 g5 58. fxg5 fxg5 59. a5 bxa5 60. Bxa7 h4 61. Bb8 g4+ 62. Kf2 Ke4 63. Bc7 a4 64. bxa4 Kd4 65. Bd8 h3 66. g3 Kc5 67. Be7+ Kb6 68. Bb4 Ka6 69. Kf1 Kb6 70. Bd2 Ka6 71. Be1 Kb6 72. Bf2+ Ka5 73. Bg1 Kxa4 74. Ke2 Kb4 75. Ke3 Kc5 76. Kf4+ Kd6 77. Kxg4 Ke5 78. Kxh3 Kf5 79. g4+ Kg5 80. Be3+ Kf6 81. Kh4 Kg6 82. g5 Kg7 83. Kh5 Kh7 84. g6+ Kg7 85. Bd4+ Kg8 86. Kh6 Kf8 87. Kh7 1-0

[Event "Quebec op U2000"]
[Site "Montreal CAN"]
[Date "2001.07.21"]
[Round "1"]
[White "Lord, Stephan"]
[Black "Nunez, Omar"]
[Result "0-1"]
[WhiteElo "1846"]
[BlackElo "1995"]
[PlyCount "104"]
[GameId "2160767911563826"]
[EventDate "2001.07.21"]
[EventType "swiss"]
[EventRounds "9"]
[EventCountry "CAN"]
[SourceTitle "EXT 2022"]
[Source "ChessBase"]
[SourceDate "2021.10.06"]
[SourceVersion "1"]
[SourceVersionDate "2021.10.06"]
[SourceQuality "1"]

1. d4 Nf6 2. e3 d5 3. Bd3 e6 4. f4 c5 5. c3 Nc6 6. Nf3 Be7 7. O-O O-O 8. Nbd2 Rb8 9. Ne5 Bd7 10. Rf3 b5 11. Rh3 g6 12. Qe1 Kg7 13. Qg3 Rg8 14. Qg5 Nh5 15. Qg4 f5 16. Qe2 cxd4 17. Nxc6 Bxc6 18. exd4 Bd6 19. Nf3 Nxf4 20. Bxf4 Bxf4 21. Qxe6 Rb6 22. Bxf5 Be8 23. Qc8 Qxc8 24. Bxc8 Bf7 25. Bd7 Rd8 26. Bg4 h5 27. Bxh5 gxh5 28. Re1 Re8 29. Rxe8 Bxe8 30. Kf2 b4 31. cxb4 Rxb4 32. b3 Rb6 33. Ne1 Rf6 34. a4 Bxh2+ 35. Rf3 h4 36. Nd3 Bg3+ 37. Ke3 Bg6 38. Nc5 Rxf3+ 39. Kxf3 Bf5 40. b4 Kf6 41. b5 Bc7 42. Na6 Be4+ 43. Kf2 Bb6 44. Nc5 Kf5 45. Kg1 Bc2 46. Kh2 Kg4 47. Kg1 Bxc5 48. dxc5 Bxa4 49. b6 axb6 50. cxb6 Bc6 51. Kf2 d4 52. Kf1 Kg3 0-1

[Event "Quebec op U2000"]
[Site "Montreal CAN"]
[Date "2001.07.21"]
[Round "1"]
[White "Marcone, Malcom"]
[Black "Villeneuve, Benoit"]
[Result "1-0"]
[WhiteElo "1920"]
[BlackElo "1762"]
[PlyCount "49"]
[GameId "2160767911563827"]
[EventDate "2001.07.21"]
[EventType "swiss"]
[EventRounds "9"]
[EventCountry "CAN"]
[SourceTitle "EXT 2022"]
[Source "ChessBase"]
[SourceDate "2021.10.06"]
[SourceVersion "1"]
[SourceVersionDate "2021.10.06"]
[SourceQuality "1"]

1. Nf3 d5 2. c4 e6 3. d4 Nf6 4. Nc3 c6 5. Bg5 Be7 6. e3 Nbd7 7. Qc2 h6 8. Bh4 O-O 9. a3 a6 10. Be2 dxc4 11. Bxc4 c5 12. Rd1 b5 13. Ba2 cxd4 14. Nxd4 Bb7 15. Bxf6 Bxf6 16. Nxe6 Qe7 17. Nxf8 Nxf8 18. Nd5 Qe5 19. Nxf6+ Qxf6 20. O-O Rc8 21. Qe2 Qg6 22. f3 Ne6 23. Bxe6 Qxe6 24. Rd2 Re8 25. Rfd1 1-0

[Event "Quebec op U2000"]
[Site "Montreal CAN"]
[Date "2001.07.21"]
[Round "1"]
[White "Papineau (Granby), Daniel"]
[Black "Piche, Guy"]
[Result "1-0"]
[WhiteElo "2035"]
[BlackElo "1658"]
[PlyCount "45"]
[GameId "2160767911563828"]
[EventDate "2001.07.21"]
[EventType "swiss"]
[EventRounds "9"]
[EventCountry "CAN"]

1. e4 d6 2. d4 g6 3. c4 Bg7 4. Nc3 Nc6 5. Be3 Nf6 6. f3 O-O 7. Qd2 e6 8. O-O-O e5 9. d5 Nb4 10. g4 b6 11. h4 a5 12. h5 Nxg4 13. fxg4 Bxg4 14. Be2 gxh5 15. Bxg4 hxg4 16. Bh6 Qf6 17. Bxg7 Kxg7 18. Nge2 Qg6 19. Ng3 Rh8 20. Rh6 Raf8 21. Nf5+ Kf6 22. Qh2 Rfg8 23. Qh4# 1-0

[Event "Quebec op U2000"]
[Site "Montreal CAN"]
[Date "2001.07.21"]
[Round "1"]
[White "Proulx, Denis"]
[Black "Dion, Jean-Francois"]
[Result "1-0"]
[WhiteElo "1931"]
[BlackElo "1798"]
[PlyCount "80"]
[GameId "2160767911563829"]
[EventDate "2001.07.21"]
[EventType "swiss"]
[EventRounds "9"]
[EventCountry "CAN"]
[SourceTitle "EXT 2022"]
[Source "ChessBase"]
[SourceDate "2021.10.06"]
[SourceVersion "1"]
[SourceVersionDate "2021.10.06"]
[SourceQuality "1"]

1. e4 d6 2. d4 Nf6 3. Nc3 c6 4. Be2 Qa5 5. Bd2 e5 6. Nf3 Bg4 7. Nd5 Qd8 8. Nxf6+ gxf6 9. dxe5 fxe5 10. Nd4 Bxe2 11. Nxe2 Nd7 12. Ng3 Nf6 13. Bg5 Rg8 14. Qd2 Rg6 15. f3 h6 16. Bxf6 Qxf6 17. O-O-O O-O-O 18. Kb1 Kb8 19. c4 Rd7 20. Nf5 Qe6 21. Qc2 Rf6 22. g4 h5 23. h4 Rd8 24. Rd2 d5 25. cxd5 cxd5 26. exd5 Qb6 27. Qe4 hxg4 28. Qxe5+ Ka8 29. fxg4 Bb4 30. Rd3 Rc8 31. Rhd1 Qf2 32. a3 Ra6 33. Ne3 Bd6 34. Qf5 Qxf5 35. Nxf5 Rg8 36. g5 Re8 37. h5 Rb6 38. h6 Be5 39. b3 Bh8 40. d6 Re2 1-0

[Event "Quebec op U2000"]
[Site "Montreal CAN"]
[Date "2001.07.21"]
[Round "1"]
[White "Rouleau, Paul"]
[Black "Dominique, Vladimir"]
[Result "0-1"]
[WhiteElo "1974"]
[BlackElo "1827"]
[PlyCount "60"]
[GameId "2160767911563830"]
[EventDate "2001.07.21"]
[EventType "swiss"]
[EventRounds "9"]
[EventCountry "CAN"]
[SourceTitle "EXT 2022"]
[Source "ChessBase"]
[SourceDate "2021.10.06"]
[SourceVersion "1"]
[SourceVersionDate "2021.10.06"]
[SourceQuality "1"]

1. e4 c5 2. c3 e6 3. d4 d5 4. exd5 Qxd5 5. Nf3 Nc6 6. Bd3 Nf6 7. O-O Be7 8. c4 Qd6 9. dxc5 Qxc5 10. Nc3 O-O 11. a3 Rd8 12. Qe2 Nd4 13. Nxd4 Qxd4 14. Rd1 Qh4 15. b4 Bd7 16. Ra2 Bc6 17. Rad2 b6 18. c5 Nd5 19. Nxd5 Rxd5 20. g3 Qh3 21. Be4 Re5 22. f3 f5 23. Bb2 fxe4 24. Bxe5 exf3 25. Qf1 Qf5 26. Bd6 Bg5 27. Rd3 f2+ 28. Qxf2 Qe4 29. Kf1 Bb5 30. Qf3 Qxf3+ 0-1

[Event "Quebec op U2000"]
[Site "Montreal CAN"]
[Date "2001.07.21"]
[Round "1"]
[White "Solar, Dariusz"]
[Black "Metivier, Nicolas"]
[Result "1-0"]
[WhiteElo "1800"]
[BlackElo "1941"]
[PlyCount "75"]
[GameId "2160767911563831"]
[EventDate "2001.07.21"]
[EventType "swiss"]
[EventRounds "9"]
[EventCountry "CAN"]
[SourceTitle "EXT 2022"]
[Source "ChessBase"]
[SourceDate "2021.10.06"]
[SourceVersion "1"]
[SourceVersionDate "2021.10.06"]
[SourceQuality "1"]

1. e4 c5 2. Nc3 Nc6 3. Nf3 e5 4. g3 g6 5. Bg2 Bg7 6. O-O Nge7 7. d3 O-O 8. Nd5 d6 9. Nxe7+ Qxe7 10. c3 h6 11. Be3 f5 12. Nh4 Kh7 13. exf5 gxf5 14. f4 Bf6 15. Nf3 e4 16. dxe4 fxe4 17. Nd2 Bf5 18. g4 d5 19. gxf5 d4 20. Nxe4 dxe3 21. Nxf6+ Rxf6 22. Qf3 Re8 23. Rae1 Rd6 24. Re2 Nd8 25. Rfe1 Rd3 26. f6 Qe6 27. f7 Nxf7 28. Qxb7 Re7 29. Qb5 c4 30. Qh5 Nd6 31. Bh3 Rg7+ 32. Kh1 Qe4+ 33. Bg2 Qf5 34. Qxf5+ Nxf5 35. Bf3 Re7 36. Bc6 Re6 37. Ba4 Rd2 38. Rxd2 1-0